[Event "2nd Mayors Cup"]
[Site "Mumbai IND"]
[Date "2009.05.02"]
[Round "2"]
[White "Satyapragyan,S"]
[Black "Sanjay,T"]
[Result "1-0"]
[WhiteElo "2428"]
[BlackElo "2107"]

1.e4 c5 2.Nc3 e6 3.Nf3 Nc6 4.d4 cxd4 5.Nxd4 Bb4 6.Nb5 a6 7.Nd6+ Bxd6 8.Qxd6 Qe7
9.Qg3 Qf6 10.Bf4 b5 11.Bd3 Qg6 12.Qe3 e5 13.Bg3 Nge7 14.Nd5 Qd6 15.Qg5 Ng6
16.O-O-O O-O 17.Kb1 f6 18.Qd2 Qc5 19.h4 Nge7 20.f3 Kh8 21.Bf2 Qd6 22.Qc3 b4
23.Qc5 Qxc5 24.Bxc5 Rf7 25.Nxe7 Nxe7 26.Bc4  1-0

[Event "41st TCh-ITA"]
[Site "Senigallia ITA"]
[Date "2009.05.02"]
[Round "6"]
[White "Rombaldoni,An"]
[Black "Borgo,G"]
[Result "1-0"]
[WhiteElo "2253"]
[BlackElo "2440"]

1.e4 c5 2.Nf3 e6 3.d4 cxd4 4.Nxd4 Nc6 5.Nc3 a6 6.g3 Nge7 7.Nb3 d6 8.Bg2 Bd7
9.f4 Nc8 10.Qe2 Be7 11.O-O O-O 12.g4 b5 13.a4 bxa4 14.Rxa4 a5 15.Ra1 Nb6
16.Be3 Qc7 17.Kh1 Rfb8 18.g5 g6 19.Nd2 Nb4 20.Rfc1 a4 21.Ra3 Bf8 22.Bd4 e5
23.Bxb6 Rxb6 24.f5 Rc6 25.Nf1 Rc5 26.Ne3 Bc6 27.Ng4 Bg7 28.Rf1 Qd8 29.Qd2 Rb8
30.fxg6 hxg6 31.Nf6+ Kf8 32.Qf2 Qe7 33.Qh4 Nxc2 34.Qh7 Qe6 35.Qg8+ Ke7 36.Qxb8 Nxa3
37.Ncd5+ Rxd5 38.exd5  1-0

[Event "Open"]
[Site "Thessaloniki GRE"]
[Date "2009.05.02"]
[Round "7"]
[White "Perdek,M"]
[Black "Vragoteris,A"]
[Result "1-0"]
[WhiteElo "2232"]
[BlackElo "2264"]

1.e4 c5 2.Nf3 Nc6 3.Nc3 e6 4.d4 cxd4 5.Nxd4 d6 6.Be3 Nf6 7.Be2 Qc7 8.O-O a6
9.f4 Be7 10.a4 O-O 11.Kh1 Rb8 12.Qe1 Nd7 13.Bd3 Bf6 14.Nf3 Re8 15.Qg3 Qa5
16.Bd2 Qh5 17.Rae1 b5 18.axb5 axb5 19.e5 dxe5 20.Ne4 exf4 21.Bxf4 Ra8 22.Nd6 Rd8
23.Bxb5 Qc5 24.Be3 Qxc2 25.Rc1 Qxb2 26.Bxc6 Ra3 27.Nc4  1-0

[Event "NK Jeugd A"]
[Site "Venlo NED"]
[Date "2009.05.02"]
[Round "9"]
[White "Kleijn,C"]
[Black "Otte,Mari"]
[Result "1-0"]
[WhiteElo "2320"]
[BlackElo "2349"]

1.e4 c5 2.Nf3 e6 3.d4 cxd4 4.Nxd4 Nc6 5.Nc3 d6 6.Be3 a6 7.Be2 Nf6 8.O-O Be7
9.Kh1 Qc7 10.a4 O-O 11.f4 Bd7 12.Nb3 Na5 13.Nxa5 Qxa5 14.Bf3 Bc6 15.Qd2 Qb4
16.Ra3 d5 17.Rb3 Qc4 18.Be2 Nxe4 19.Qe1 Nxc3 20.Bxc4  1-0

[Event "IV Tch-ESP Selecciones Autonomicas"]
[Site "Villava ESP"]
[Date "2009.05.02"]
[Round "4"]
[White "Martin Alvarez,I"]
[Black "Martinez Fernandez de Arcaya,I"]
[Result "0-1"]
[WhiteElo "2236"]
[BlackElo "2206"]

1.e4 c5 2.Nf3 e6 3.d4 cxd4 4.Nxd4 Nc6 5.Nc3 Qc7 6.Be3 a6 7.Qd2 Nf6 8.O-O-O Bb4
9.f3 O-O 10.g4 b5 11.g5 Ne8 12.Kb1 Bb7 13.h4 Rc8 14.Nxc6 Bxc6 15.h5 d5 16.g6 dxe4
17.h6 fxg6 18.Bh3 Qf7 19.fxe4 Bxe4 20.Rdf1 Bf5 21.Bxf5 exf5 22.Bd4 Nf6 23.hxg7 Rfd8
24.Qf4 Rc4 25.Ne2 Bc5 26.Rd1 Bxd4 27.Rxd4 Rcxd4 28.Nxd4 Kxg7 29.Re1 Kg8 30.Nc6 Re8
31.Rg1 Qd7 32.Nd4 Re4 33.Qb8+ Kg7 34.Nf3 g5 35.Nxg5 Rd4 36.b3 Rd1+ 37.Rxd1 Qxd1+
38.Kb2 Qd4+ 39.Kb1 Qd1+ 40.Kb2 Qd4+ 41.Kb1 Kh6 42.Ne6 Qe5 43.Qf8+ Kh5 44.Qe7 Ng4
45.Qxh7+ Nh6 46.Nf8 Qf6 47.Nd7 Qf7 48.Qxf7+ Nxf7 49.Kc1 Kh4 50.c4 bxc4 51.bxc4 f4  0-1

[Event "FSFMA May"]
[Site "Budapest HUN"]
[Date "2009.05.03"]
[Round "2"]
[White "Letay,G"]
[Black "Schenkerik,C"]
[Result "1-0"]
[WhiteElo "2067"]
[BlackElo "2215"]

1.e4 c5 2.Nc3 e6 3.Nf3 Nc6 4.d4 cxd4 5.Nxd4 Nf6 6.Be3 Bb4 7.Bd3 d5 8.exd5 Nxd5
9.Nxc6 bxc6 10.O-O Nxc3 11.bxc3 Bxc3 12.Rb1 O-O 13.Qf3 Bf6 14.Qxc6 Bd7 15.Qe4 g6
16.Rfd1 Qc8 17.Qf3 Be5 18.Be4 Rb8 19.Rxb8 Bxb8 20.Qf6 Qc7 21.g3 Ba4 22.Bh6 Qe5
23.Qxe5 Bxe5 24.Bxf8 Kxf8 25.f4 Bc7 26.Kg2 f5 27.Bd3 Bc6+ 28.Kf2 Bb6+ 29.Ke2 Ke7
30.c4 Ba4 31.Rd2 Bc6 32.Bc2 Bc5 33.Rd1 Bb6 34.a4 h6 35.Bb3 a5 36.Kd3 Bc5
37.Ke2 Be4 38.Ra1 Kd6 39.Rd1+ Ke7 40.Rd2 Bb4 41.Ra2 Bb1 42.Rb2 Be4 43.Bc2 Bc6
44.Rxb4 axb4 45.Ke3 e5 46.fxe5 Ke6 47.Kd4 g5 48.Bb3 f4 49.gxf4 gxf4 50.c5+ Kf5
51.e6 Kg4 52.a5 Kh3 53.Bd1 f3 54.Bxf3 Bxf3 55.e7 Bc6 56.a6 b3 57.Kc3  1-0

[Event "TOP 16 GpA"]
[Site "Mulhouse FRA"]
[Date "2009.05.03"]
[Round "7"]
[White "Babault,P"]
[Black "Sokolov,Andrei3"]
[Result "1/2-1/2"]
[WhiteElo "2348"]
[BlackElo "2155"]

1.e4 c5 2.Nf3 e6 3.d4 cxd4 4.Nxd4 Nc6 5.Nc3 Qe7 6.Be3 a6 7.Be2 Nf6 8.O-O b5
9.Nxc6 dxc6 10.f4 e5 11.fxe5 Qxe5 12.Kh1 Be6 13.Bd4 Qc7 14.e5 Nd5 15.Bg4 Nxc3
16.Bxc3 Qc8 17.Bf3 Be7 18.Be4 O-O 19.Qf3  1/2-1/2

[Event "TOP 16 GpA"]
[Site "Mulhouse FRA"]
[Date "2009.05.03"]
[Round "7"]
[White "Jakovenko,D"]
[Black "Karr,JP"]
[Result "1-0"]
[WhiteElo "2753"]
[BlackElo "2388"]

1.e4 c5 2.Nf3 e6 3.d4 cxd4 4.Nxd4 Nc6 5.Nc3 Qc7 6.Be3 a6 7.Qd2 Nf6 8.O-O-O Bb4
9.f3 Ne5 10.Nb3 b5 11.Qe1 Be7 12.f4 Ng6 13.e5 Ng4 14.Ne4 Nxe3 15.Qxe3 Nh4
16.Nd4 f5 17.Nd6+ Bxd6 18.exd6 Qc5 19.Qg3 Ng6 20.h4 O-O 21.h5 Nh8 22.h6 g6
23.Nf3 Bb7 24.Ne5 Be4 25.c4 Ra7 26.Rh3 b4 27.Qh4 b3 28.Rxb3 Rb7 29.Qe7 Nf7
30.Nxg6 Rbb8 31.Qf6  1-0

[Event "2nd Mayors Cup"]
[Site "Mumbai IND"]
[Date "2009.05.03"]
[Round "4"]
[White "Ramakrishna,J"]
[Black "Neelotpal,D"]
[Result "0-1"]
[WhiteElo "2292"]
[BlackElo "2514"]

1.e4 c5 2.Nc3 e6 3.Nf3 Nc6 4.d4 cxd4 5.Nxd4 d6 6.Be3 Nf6 7.Qd2 a6 8.f3 Be7
9.O-O-O O-O 10.g4 Nd7 11.Kb1 Nxd4 12.Bxd4 b5 13.Rg1 Bb7 14.g5 b4 15.Ne2 a5
16.h4 Ne5 17.Rg3 Nc4 18.Qc1 e5 19.Bg1 Qc7 20.Rg2 a4 21.Ng3 g6 22.Bxc4 Qxc4
23.Nf1 Qe6 24.Qd2 d5 25.exd5 Bxd5 26.Qxd5 Rfd8 27.Ne3 Rxd5 28.Nxd5 Rc8 29.Rgd2 Kg7
30.f4 Bc5 31.Bxc5 Rxc5 32.Nf6 b3 33.c3 exf4 34.Rd8 Qf5+ 35.Ka1 Rc8 36.R1d4 f3
37.R8d5 Qc2  0-1

[Event "41st TCh-ITA"]
[Site "Senigallia ITA"]
[Date "2009.05.03"]
[Round "7"]
[White "Costantini,R"]
[Black "Brunello,S"]
[Result "0-1"]
[WhiteElo "2304"]
[BlackElo "2477"]

1.e4 c5 2.Nf3 e6 3.d4 cxd4 4.Nxd4 Nc6 5.Nc3 Qc7 6.Be3 a6 7.Qd2 Nf6 8.O-O-O Be7
9.f3 b5 10.g4 O-O 11.h4 Bb7 12.h5 Nxd4 13.Bxd4 e5 14.Qh2 Nxg4 15.fxg4 Bg5+
16.Kb1 Bf4 17.Qf2 exd4 18.Qxd4 Be5 19.Qxd7 Qxd7 20.Rxd7 Bc8 21.Rd3 Bxg4 22.Nd5 h6
23.Ne7+ Kh7 24.Rd5 Bf6 25.Rg1 Be6 26.Nc6 Bxd5 27.exd5 Rfe8 28.Bd3+ Kg8 29.Bf5 Be5
30.Bd7 Bh2 31.Rd1 Re3 32.a4 Bd6 33.axb5 axb5 34.Nd4 b4 35.Nf5 Rd8 36.Nxe3 Rxd7
37.Nf5 Bf8 38.c4 bxc3 39.bxc3 g6 40.Ng3 Kg7 41.hxg6 Kxg6 42.Kc2 h5 43.c4 h4
44.Ne4 f5 45.Rg1+ Kh6 46.Nd2 Rg7 47.Rh1 Kh5 48.Nf3 Rg4 49.Kd3 Bc5 50.Rh2 Re4
51.Re2 Rxe2 52.Kxe2 h3 53.Kf1 Kg4  0-1

[Event "11th Dubai Open"]
[Site "Dubai UAE"]
[Date "2009.05.04"]
[Round "9"]
[White "Guseinov,G"]
[Black "Bocharov,D"]
[Result "1/2-1/2"]
[WhiteElo "2659"]
[BlackElo "2606"]

1.e4 c5 2.Nc3 Nc6 3.Nf3 e6 4.d4 cxd4 5.Nxd4 Qc7 6.g3 a6 7.Bg2 Nf6 8.O-O Be7
9.Be3 O-O 10.f4 d6 11.Kh1 Bd7 12.Nb3 b5 13.a3 b4 14.axb4 Nxb4 15.Nd4 g6 16.f5 e5
17.Nb3 Rab8 18.g4 Rfc8 19.Bg5 Qd8 20.Rc1 Kg7 21.Be3 h6 22.h4 Nh7 23.Qd2 g5  1/2-1/2

[Event "III Open"]
[Site "La Laguna ESP"]
[Date "2009.05.04"]
[Round "1"]
[White "Molina Rodriguez,B"]
[Black "Savchenko,S"]
[Result "0-1"]
[WhiteElo "1727"]
[BlackElo "2529"]

1.e4 c5 2.Nf3 e6 3.d4 cxd4 4.Nxd4 Nc6 5.Nc3 a6 6.Be2 d6 7.O-O Nf6 8.Be3 Be7
9.f4 O-O 10.a4 Qc7 11.Kh1 Re8 12.Bf3 Bd7 13.Nb3 b6 14.g4 Bc8 15.g5 Nd7 16.Qe2 Bb7
17.Qg2 Bf8 18.h4 g6 19.h5 Bg7 20.Rad1 Rad8 21.hxg6 fxg6 22.Qd2 Nc5 23.Nxc5 bxc5
24.Ne2 Ne7 25.c4 d5 26.cxd5 exd5 27.exd5 Nxd5 28.Bg1 Ne3  0-1

[Event "2nd Mayors Cup"]
[Site "Mumbai IND"]
[Date "2009.05.04"]
[Round "5"]
[White "Saptarshi,R"]
[Black "Rahman,Zia"]
[Result "1/2-1/2"]
[WhiteElo "2396"]
[BlackElo "2523"]

1.e4 c5 2.Nf3 e6 3.d4 cxd4 4.Nxd4 Nc6 5.Nc3 Qc7 6.g3 d6 7.Ndb5 Qb8 8.Bf4 Ne5
9.Bxe5 dxe5 10.Qd3 a6 11.O-O-O Be7 12.Nd6+ Bxd6 13.Qxd6 Qxd6 14.Rxd6 Ke7
15.Rb6 Nf6 16.a4 Nd7 17.Rb4 Nb8 18.Be2 Nc6 19.Rc4 Bd7 20.Rd1 Rhc8 21.Kb1  1/2-1/2

[Event "Open"]
[Site "Thessaloniki GRE"]
[Date "2009.05.04"]
[Round "9"]
[White "Pavlidis,Ant"]
[Black "Obodchuk,A"]
[Result "1-0"]
[WhiteElo "2307"]
[BlackElo "2393"]

1.e4 c5 2.Nf3 e6 3.d4 cxd4 4.Nxd4 Nc6 5.Nc3 Qc7 6.Be3 Nf6 7.Bd3 a6 8.O-O h5
9.h3 b5 10.Nxc6 dxc6 11.f4 Bb7 12.e5 Nd5 13.Nxd5 cxd5 14.f5 Qxe5 15.Bf4 Qd4+
16.Kh1 O-O-O 17.fxe6 fxe6 18.Qe2 Qb6 19.a4 b4 20.Rae1 Bc5 21.Qxe6+ Qxe6 22.Rxe6 Rhf8
23.Be5 Rxf1+ 24.Bxf1 Rf8 25.Bd3 Rf7 26.Rg6 Re7 27.Bg3 Kd7 28.b3 Rf7 29.Rg5 Bd6
30.Bxd6 Kxd6 31.Rxh5 Bc8 32.Rg5 Kc5 33.g4 Kd4 34.Rxd5+ Kxd5 35.Bc4+ Kd4 36.Bxf7 Bb7+
37.Kh2 Be4 38.h4 a5 39.h5 Bxc2 40.g5 Ke5 41.Kg3 Be4 42.Bg8 Kd4 43.Kf4 Bc2
44.h6 gxh6 45.gxh6  1-0

[Event "III Open"]
[Site "La Laguna ESP"]
[Date "2009.05.05"]
[Round "2"]
[White "Rivas Crespo,Alex"]
[Black "Vega Gutierrez,S"]
[Result "1-0"]
[WhiteElo "1998"]
[BlackElo "2334"]

1.e4 c5 2.Nf3 e6 3.d4 cxd4 4.Nxd4 Nc6 5.Nc3 a6 6.Be2 d6 7.O-O Nf6 8.Kh1 Be7
9.f4 O-O 10.Bf3 Qc7 11.Be3 Bd7 12.Nb3 b5 13.a3 Rac8 14.g4 b4 15.axb4 Nxb4
16.g5 Ne8 17.Nd4 e5 18.Nf5 Bc6 19.Nd5 Nxd5 20.exd5 Bb5 21.c4 Bxc4 22.Rc1 Qb7
23.fxe5 Bxf1 24.Rxc8 Bh3 25.exd6 Bxf5 26.dxe7 Qxe7 27.Bc5 Nd6 28.Rc6 Rd8
29.Rxa6 Be4 30.Rxd6 Bxf3+ 31.Qxf3 Rxd6 32.Bxd6 Qxd6 33.Qe4 Kf8 34.Kg2 h6
35.h4 hxg5 36.hxg5 Qd8 37.Qe5 f6 38.gxf6 gxf6 39.Qd4 Qd6 40.b4 Ke7 41.Kf3 Kd7
42.Ke4 Kc7 43.Qc5+ Kd7 44.Qxd6+ Kxd6 45.Kd4 f5 46.b5 f4 47.b6 f3 48.Ke3  1-0

[Event "III Open"]
[Site "La Laguna ESP"]
[Date "2009.05.06"]
[Round "4"]
[White "Sanz Alonso,F"]
[Black "Korneev,O"]
[Result "1/2-1/2"]
[WhiteElo "2410"]
[BlackElo "2587"]

1.e4 c5 2.Nf3 e6 3.d4 cxd4 4.Nxd4 Nc6 5.Nc3 Qc7 6.Be3 a6 7.Bd3 Nf6 8.O-O h5
9.h3 b5 10.Qe2 Bb7 11.f4 Nxd4 12.Bxd4 Bc5 13.Qf2 d6 14.e5 Nd7 15.exd6 Qxd6
16.Ne2 f5 17.Rad1 h4 18.Qe3 Qd5 19.Rf2 O-O-O 20.Bxc5 Nxc5 21.Nc3 Qd4 22.Qe2 Qf6
23.Qe3 Nxd3 24.Rxd3 Rxd3 25.Qxd3 g5 26.fxg5 Qxg5 27.Nxb5 axb5 28.Qc3+ Kd7
29.Qxh8 Bxg2 30.Rxg2 Qc1+ 31.Kh2 Qf4+ 32.Kh1 Qf1+  1/2-1/2

[Event "Copenhagen Chess Challenge"]
[Site "Ballerup DEN"]
[Date "2009.05.07"]
[Round "2"]
[White "Sahl,Bj"]
[Black "Rasmussen,A"]
[Result "0-1"]
[WhiteElo "2366"]
[BlackElo "2501"]

1.e4 c5 2.Nf3 e6 3.d4 cxd4 4.Nxd4 Nc6 5.Nc3 Qc7 6.g3 a6 7.Bg2 d6 8.O-O Bd7
9.b3 Be7 10.Bb2 Nxd4 11.Qxd4 Bf6 12.Qe3 Rc8 13.Na4 Bxa4 14.Bxf6 Nxf6 15.bxa4 O-O
16.Rab1 Nd7 17.Qa3 Rfd8 18.Rfd1 Ne5 19.Qb4 Rd7 20.h3 Qxc2 21.f4 Nc6 22.Qa3 Nd4
23.Kh2 Rc3 24.Qb4 Rc4 25.Qb6 Qxa4 26.Qa7 h6 27.Qa8+ Kh7 28.Qe8 Rdc7 29.Qb8 Qd7
30.e5 d5 31.Rb6 R4c6 32.Rb2 Nb5 33.Qf8 Qe7 34.Qxe7 Rxe7 35.a4 Nc3 36.Rd4 a5
37.Bf1 Rec7 38.h4 f5 39.exf6 gxf6 40.Bd3+ Kg7 41.h5 e5 42.fxe5 fxe5 43.Rg4+ Kf8
44.Bb5 Rf6 45.Kh3 e4 46.Rf4 Rxf4 47.gxf4 d4 48.Kg2 d3  0-1

[Event "2nd Mayors Cup"]
[Site "Mumbai IND"]
[Date "2009.05.07"]
[Round "8"]
[White "Sharma,Di"]
[Black "Fenil,S"]
[Result "1-0"]
[WhiteElo "2382"]
[BlackElo "2247"]

1.e4 c5 2.Nf3 e6 3.d4 cxd4 4.Nxd4 Nc6 5.Nc3 Qc7 6.Be2 a6 7.O-O Nf6 8.Be3 Bb4
9.Na4 Bd6 10.h3 Rb8 11.c4 Nxe4 12.Bf3 f5 13.c5 Be7 14.Nxc6 dxc6 15.Bxe4 fxe4
16.Nb6 O-O 17.Qb3 Qe5 18.Rad1 Kh8 19.Bd4 Qg5 20.Qg3 Qxg3 21.fxg3 Rd8 22.Be5 Bxc5+
23.Kh2 Rxd1 24.Rxd1 Bxb6 25.Bxb8 e5 26.Bxe5 Be6 27.Rd6 Bc8 28.Rd1 Be6 29.Bd4 Bc7
30.Bc5 Kg8 31.Rf1 Bf7 32.b3 Be5 33.Be3 Bc7 34.Bf4 Bb6 35.Bd6 h6 36.Rf4 e3
37.Re4 Bg6 38.Re7 Bd3 39.Bb4 e2 40.Be1 Bc5 41.Rxb7 Bd6 42.Rd7  1-0

[Event "2nd Mayors Cup"]
[Site "Mumbai IND"]
[Date "2009.05.07"]
[Round "8"]
[White "Singh,Gurp"]
[Black "Neelotpal,D"]
[Result "1/2-1/2"]
[WhiteElo "2268"]
[BlackElo "2514"]

1.e4 c5 2.Nf3 e6 3.d4 cxd4 4.Nxd4 Nc6 5.Nc3 d6 6.g4 a6 7.Be3 Nge7 8.Nb3 b5
9.f4 Bb7 10.Qd2 Na5 11.Nxa5 Qxa5 12.Bg2 b4 13.Ne2 d5 14.e5 Nc6 15.Nd4 Nxd4
16.Bxd4 Rc8 17.O-O Rc4 18.Rf2 h5 19.g5 g6 20.Bf1 Rxd4 21.Qxd4 Bc5 22.Qd2 Qb6
23.Re1 Ke7 24.Bd3 a5 25.Kf1 Bxf2 26.Qxf2 d4 27.Rd1 Rc8 28.Ke1 Qc5 29.Kf1 Bd5
30.Kg1 Bxa2 31.b3 Qc3 32.Be4 Rd8 33.Kg2 Kf8 34.Qd2 Qb2 35.Bd3 Rc8 36.Be4 Bb1
37.Qc1 Rxc2+ 38.Bxc2 Qxc2+ 39.Kf1 Qxh2 40.Qxb1 Qxf4+ 41.Kg1 Qxg5+ 42.Kh1 Qh4+
43.Kg1 Qg3+ 44.Kh1 Qf3+ 45.Kg1 Qe3+ 46.Kh1 Qxe5 47.Qd3 Qd5+ 48.Kg1 e5 49.Re1 Qe6
50.Qf3 Kg7 51.Qe4 Qxb3 52.Qxe5+ Kh7 53.Qxd4 Qg3+ 54.Kf1 Qf3+ 55.Kg1 Qg3+  1/2-1/2

[Event "TCh-ISR 2008-9"]
[Site "Israel ISR"]
[Date "2009.05.08"]
[Round "7"]
[White "Nabaty,T"]
[Black "Kogan,Ar"]
[Result "1-0"]
[WhiteElo "2456"]
[BlackElo "2561"]

1.e4 c5 2.Nf3 Nc6 3.d4 cxd4 4.Nxd4 e6 5.Nc3 Qc7 6.f4 a6 7.Be3 b5 8.Nxc6 Qxc6
9.Be2 Bb7 10.Bf3 Qc4 11.Qd3 Rc8 12.O-O-O Nf6 13.e5 Bxf3 14.gxf3 b4 15.Na4 Nd5
16.Nb6 Nxb6 17.Bxb6 Qxd3 18.Rxd3 Rc6 19.Ba5 d5 20.exd6 Bxd6 21.Rd4 Ke7 22.Bxb4 Bxb4
23.Rxb4 Rhc8 24.c3 Rc4 25.Rb7+ Kf6 26.f5 exf5 27.Rd1 R8c7 28.Rxc7 Rxc7 29.Rd4 g5
30.Kd2 Ke5 31.b4 Rc6 32.h4 f6 33.a4 f4 34.Re4+ Kf5 35.b5 axb5 36.axb5 Rd6+
37.Ke2 g4 38.Rb4 Re6+ 39.Kf1 Re3 40.fxg4+ Kxg4 41.b6 Rf3+ 42.Ke2 Re3+ 43.Kd2 Re8
44.b7 Rb8 45.c4 Kg3 46.c5 f3 47.Ke1 Kg2 48.Rg4+ Kh3 49.Rg7 h5 50.c6 Kxh4
51.Kf2 f5 52.Rd7 Kg4 53.Rd4+ f4 54.c7  1-0

[Event "2nd Mayors Cup"]
[Site "Mumbai IND"]
[Date "2009.05.08"]
[Round "9"]
[White "Deshpande,Ani"]
[Black "Das,Arg"]
[Result "0-1"]
[WhiteElo "2211"]
[BlackElo "2424"]

1.e4 c5 2.Nf3 e6 3.d4 cxd4 4.Nxd4 Nc6 5.Nc3 Qc7 6.Be2 a6 7.Be3 Nf6 8.O-O Be7
9.f4 d6 10.Kh1 O-O 11.Qe1 Nxd4 12.Bxd4 b5 13.e5 dxe5 14.Bxe5 Qb6 15.Bd3 Ng4
16.Qg3 f5 17.a4 Bd7 18.Qf3 Bc6 19.Qe2 b4 20.Nd1 Bc5 21.h3 Nxe5 22.fxe5 Kh8
23.c3 b3 24.Nf2 Bd5 25.Rad1 Qc6 26.Rg1 Qxa4 27.c4 Bb7 28.Bb1 Qc6 29.Rd3 Qb6
30.Rf1 a5 31.Rdd1 Rad8 32.Nd3 Be3 33.Rfe1 f4 34.c5 Qc6 35.Rf1 f3  0-1

[Event "GM"]
[Site "Ostrava CZE"]
[Date "2009.05.08"]
[Round "5"]
[White "Hracek,Z"]
[Black "Laznicka,V"]
[Result "1/2-1/2"]
[WhiteElo "2604"]
[BlackElo "2598"]

1.e4 c5 2.Nf3 e6 3.d4 cxd4 4.Nxd4 Nc6 5.Nc3 a6 6.Nxc6 bxc6 7.Bd3 d5 8.O-O Nf6
9.Qe2 Be7 10.b3 O-O 11.Bb2 Bb7 12.Na4 Qc7 13.e5 Nd7 14.c4 dxc4 15.Bxc4 Nb6
16.Nxb6 Qxb6 17.Rfd1 Rfd8 18.Rxd8+ Rxd8 19.Rd1 a5 20.Rxd8+ Qxd8 21.Qd3 Qxd3
22.Bxd3 c5 23.f4 h5 24.Kf2 Kf8 25.g3 Bc6 26.h3 Ke8 27.a4 g6 28.Bc3 Bd8 29.g4 hxg4
30.hxg4 Bd5 31.Bb5+ Kf8 32.Bc4 Bxc4 33.bxc4 Kg8 34.Kf3 Kh7 35.Ke4 g5 36.f5 Kh6
37.Bd2 Bb6 38.Be3 Ba7  1/2-1/2

[Event "82nd ch-St Petersburg"]
[Site "St Petersburg RUS"]
[Date "2009.05.08"]
[Round "1"]
[White "Anisimov,P2"]
[Black "Klimov,S"]
[Result "1-0"]
[WhiteElo "2503"]
[BlackElo "2521"]

1.e4 c5 2.Nf3 e6 3.d4 cxd4 4.Nxd4 Nc6 5.Nc3 Qc7 6.Be3 a6 7.Be2 b5 8.f4 Bb7
9.Bf3 d6 10.f5 Nxd4 11.Qxd4 Nf6 12.fxe6 fxe6 13.a4 bxa4 14.Qxa4+ Kf7 15.O-O Be7
16.Bh5+ g6 17.Bg4 h5 18.Bf3 Kg7 19.Qa2 e5 20.Qa5 Rhc8 21.Qxc7 Rxc7 22.Ra4 Rac8
23.Bb6 Rc4 24.Rfa1 g5 25.Be2 Rxa4 26.Rxa4 Rxc3 27.bxc3 Nxe4 28.Rc4 Bd5 29.Rc7 Kf6
30.Bxa6 Bd8 31.Rb7 Be7 32.Ra7 Nxc3 33.Be3 g4 34.Bf2 Bf8 35.Rc7 Nd1 36.Rc8 Bh6
37.Rd8 Nxf2 38.Rxd6+ Be6 39.Kxf2 Bf8 40.Rc6  1-0

[Event "XXVIII Open"]
[Site "Zalakaros HUN"]
[Date "2009.05.08"]
[Round "1"]
[White "Tesik,C"]
[Black "Tompa,J"]
[Result "0-1"]
[WhiteElo "2145"]
[BlackElo "2390"]

1.e4 c5 2.Nf3 e6 3.d4 cxd4 4.Nxd4 Nc6 5.Nc3 Qc7 6.f4 a6 7.Nxc6 bxc6 8.Bd3 d6
9.O-O Nf6 10.Kh1 Be7 11.Be3 e5 12.f5 d5 13.Bg1 Bb7 14.Qf3 O-O 15.Rad1 Rad8
16.Bf2 Bb4 17.Bh4 Bxc3 18.bxc3 Rd6 19.c4 dxe4 20.Bxe4 Nxe4 21.Qxe4 c5 22.Qg4 f6
23.Rxd6 Qxd6 24.Rd1 Qc6 25.Bf2 Qe4 26.Qxe4 Bxe4 27.Bxc5 Rc8 28.Bb4 Bxf5 29.c5 Bxc2
30.Rc1 Ba4 31.h3 Kf7 32.Ba5 Ke6 33.Kg1 f5 34.Kf2 Kd5 35.Bb6 Rc6 36.Rb1 e4
37.g3 g5 38.Ke3 Rh6 39.Rh1 Bb5 40.Bd8 Rg6 41.Be7 h5 42.Bd6 h4 43.gxh4 gxh4
44.Rd1+ Bd3 45.Rd2 Rg1 46.Rf2 Ke6 47.Bf4 Re1+ 48.Kd4 Bb5 49.Rd2 Rc1 50.Bd6 Rc4+
51.Ke3 Rc3+ 52.Kf4 Rf3+ 53.Kg5 e3  0-1

[Event "ch-RUS U20 w"]
[Site "Dagomys RUS"]
[Date "2009.05.09"]
[Round "10"]
[White "Tairova,E"]
[Black "Gunina,V"]
[Result "0-1"]
[WhiteElo "2422"]
[BlackElo "2411"]

1.e4 c5 2.Nf3 e6 3.d4 cxd4 4.Nxd4 Nc6 5.Nc3 Qc7 6.Be3 a6 7.Qd2 Nf6 8.f3 Bb4
9.O-O-O O-O 10.g4 b5 11.h4 Bb7 12.h5 Ne5 13.Bd3 d5 14.g5 Nfd7 15.Kb1 Nb6
16.Qh2 Bxc3 17.bxc3 Na4 18.Ne2 dxe4 19.fxe4 Nxc3+ 20.Nxc3 Qxc3 21.Qd2 Qa3
22.Qc1 Qb4+ 23.Qb2 Qxb2+ 24.Kxb2 Rac8 25.Bc1 Rfd8 26.Bf4 Nd7 27.Rhe1 Nc5
28.Be5 Na4+ 29.Kb3 Rc5 30.Bxb5 Rxb5+ 31.Kxa4 Rc8 32.Bf4 e5 33.Bc1 Kf8 34.Ba3+ Ke8
35.Bd6 Rc4+ 36.Ka3 Rc3+ 37.Ka4 Bc6 38.h6 Rbc5+ 39.Kb4 a5+  0-1

[Event "III Open"]
[Site "La Laguna ESP"]
[Date "2009.05.09"]
[Round "7"]
[White "Lopez Pereyra,A"]
[Black "Navarro Molina,D"]
[Result "0-1"]
[WhiteElo "2106"]
[BlackElo "1821"]

1.e4 c5 2.Nf3 e6 3.d4 cxd4 4.Nxd4 Nc6 5.Nc3 Qc7 6.Be2 a6 7.O-O b5 8.Nxc6 dxc6
9.a4 Rb8 10.Bd3 Nf6 11.Qe2 h5 12.e5 Ng4 13.f4 Bc5+ 14.Kh1 Qe7 15.g3 g6 16.Ne4 Bb7
17.Bd2 Kf8 18.f5 exf5 19.Bg5 Qe6 20.Nxc5 Qd5+ 21.Ne4 c5 22.e6 f6 23.axb5 fxe4
24.Bc4 Qxg5 25.bxa6 Ba8 26.Rf4 e3+ 27.Kg1 Qe5 28.Rd1 Kg7 29.Rd7+ Kh6 30.Rxg4 hxg4
31.Qxg4 Qg5 32.Qd1 Qf5 33.Qf1 Qxf1+ 34.Kxf1 Bf3  0-1

[Event "III Open"]
[Site "La Laguna ESP"]
[Date "2009.05.09"]
[Round "8"]
[White "Karim,I"]
[Black "Garcia Blanco,O"]
[Result "1-0"]
[WhiteElo "2407"]
[BlackElo "2198"]

1.e4 c5 2.Nf3 e6 3.d4 cxd4 4.Nxd4 Nc6 5.Nc3 Qc7 6.Be3 Nf6 7.Bd3 a6 8.O-O Be7
9.f4 d6 10.Qf3 O-O 11.a4 Bd7 12.Qg3 Rfc8 13.Kh1 Nxd4 14.Bxd4 Bc6 15.a5 Qb8
16.e5 Nh5 17.Qh3 g6 18.Rae1 Ng7 19.Re3 Re8 20.Qh6 Bf8 21.Rh3 Nh5 22.Qg5 Be7
23.Qg4 Ng7 24.Rh6 Nf5 25.Bxf5 exf5 26.Qh3 Bf8 27.Rxh7 Bg7 28.e6 f6 29.Bxf6 Bxf6
30.Qh6 Re7 31.Rxe7 Bxe7 32.Qxg6+ Kh8 33.Qh5+ Kg8 34.Qf7+ Kh8 35.Qxe7 Qg8
36.Qh4+ Qh7 37.Qxh7+ Kxh7 38.Rd1 Rg8 39.Nd5 Rg6 40.Kg1 Rxe6 41.Kf2 Kg7 42.Ne3 Kf6
43.Rd4 Be4 44.h3  1-0

[Event "2nd Mayors Cup"]
[Site "Mumbai IND"]
[Date "2009.05.09"]
[Round "10"]
[White "Ramaswamy,A"]
[Black "Neelotpal,D"]
[Result "0-1"]
[WhiteElo "2191"]
[BlackElo "2514"]

1.e4 c5 2.Nf3 e6 3.d4 cxd4 4.Nxd4 Nc6 5.Nc3 d6 6.Be2 Nf6 7.O-O Be7 8.Be3 O-O
9.f4 a6 10.a4 Qc7 11.Kh1 Re8 12.Bf3 Bf8 13.Bg1 Rb8 14.g4 Nd7 15.g5 b6 16.Bg2 Bb7
17.Rf3 g6 18.Rh3 Bg7 19.Qd2 Rbd8 20.Rf1 Nc5 21.f5 d5 22.Nxc6 Qxc6 23.Qf2 gxf5
24.exf5 exf5 25.Qxf5 Qg6 26.Bxd5 Rxd5 27.Nxd5 Re5  0-1

[Event "2nd Mayors Cup"]
[Site "Mumbai IND"]
[Date "2009.05.09"]
[Round "10"]
[White "Zinchenko,Ya"]
[Black "Himanshu,Sh"]
[Result "1-0"]
[WhiteElo "2531"]
[BlackElo "2403"]

1.e4 c5 2.Nf3 e6 3.d4 cxd4 4.Nxd4 Nc6 5.Nc3 Qc7 6.Be2 a6 7.O-O Nf6 8.Be3 Bb4
9.Na4 Be7 10.Nxc6 bxc6 11.Nb6 Rb8 12.Nxc8 Qxc8 13.Bd4 c5 14.Be5 Rb6 15.Qd3 Qc6
16.Bf3 d6 17.Bc3 c4 18.Qe2 e5 19.g3 Rb7 20.Bg2 Nd7 21.Rac1 Nb6 22.b3 O-O
23.f4 Rc7 24.Kh1 Nd7 25.Rfd1 Re8 26.Bb4 Bf8 27.Ba3 a5 28.f5 Rec8 29.Rd2 cxb3
30.cxb3 Qb6 31.Rcd1 Rc6 32.Bf1 Nf6 33.g4 Rc3 34.g5 Ne8 35.Bb2 R3c6 36.Qg2 g6
37.Bc4 Ng7 38.Rf1 gxf5 39.exf5 Rxc4 40.bxc4 Rxc4 41.g6 hxg6 42.fxg6 Qc6 43.gxf7+ Kh7
44.Qxc6 Rxc6 45.Rd3 Rc4 46.Ba3 Rd4 47.Rxd4 exd4 48.Bxd6 Bxd6  1-0

[Event "Mitropa Cup"]
[Site "Rogaska Slatina SLO"]
[Date "2009.05.09"]
[Round "1"]
[White "Baramidze,D"]
[Black "Jurcik,Mari"]
[Result "1-0"]
[WhiteElo "2547"]
[BlackElo "2468"]

1.e4 c5 2.Nf3 Nc6 3.d4 cxd4 4.Nxd4 e6 5.Nc3 a6 6.Be3 Nf6 7.a3 Qc7 8.Be2 Bd6
9.Qd2 Nxd4 10.Bxd4 Bf4 11.Qd3 e5 12.Be3 Bxe3 13.fxe3 b6 14.O-O-O Bb7 15.g4 h6
16.h4 Qc6 17.Rhf1 Qe6 18.Rf5 O-O-O 19.Nd5 Nxd5 20.exd5 Qd6 21.Rxf7 g6 22.Rdf1 Qxd5
23.Qxd5 Bxd5 24.R7f6 Kb7 25.Rxg6 Rdg8 26.Rff6 Be6 27.Kd2 a5 28.h5 Kc7 29.Kd3 Kd8
30.Rxh6 Rxh6 31.Rxh6 Bxg4 32.Bxg4 Rxg4 33.Rxb6 Rh4 34.Rh6 Kc7 35.Rh8 a4 36.h6 Kd6
37.h7 Kd5 38.c4+ Kd6 39.c5+ Kc7 40.c6  1-0

[Event "Copenhagen Chess Challenge"]
[Site "Ballerup DEN"]
[Date "2009.05.10"]
[Round "9"]
[White "Christensen,Ca"]
[Black "Jacobsen,Mad"]
[Result "1/2-1/2"]
[WhiteElo "1793"]
[BlackElo "1830"]

1.e4 c5 2.Nf3 e6 3.d4 cxd4 4.Nxd4 Nc6 5.Nc3 a6 6.Be2 Qc7 7.O-O Bb4 8.Kh1 Nf6
9.Bg5 Bxc3 10.bxc3 b6 11.Bxf6 gxf6 12.Nxc6 Qxc6 13.Qd4 e5 14.Qd5 Qxd5 15.exd5 d6
16.Rab1 Rb8 17.f3 Kd8 18.Bd3 f5 19.Rb4 f4 20.Rfb1 Kc7 21.Rc4+ Kd7  1/2-1/2

[Event "Rapid"]
[Site "Livry-Gargan FRA"]
[Date "2009.05.10"]
[Round "2"]
[White "Guliyev,N"]
[Black "Velasco,S"]
[Result "1-0"]
[WhiteElo "2534"]
[BlackElo "2283"]

1.e4 c5 2.Nf3 e6 3.d4 cxd4 4.Nxd4 Nc6 5.Nc3 Qc7 6.Be2 a6 7.O-O Nf6 8.Be3 Bb4
9.Na4 Be7 10.Nxc6 bxc6 11.Nb6 Rb8 12.Nxc8 Qxc8 13.Bd4 c5 14.Be5 Rb6 15.Qd3 O-O
16.b3 d6 17.Bb2 Nd7 18.Rad1 Bf6 19.Bc1 Rd8 20.Qg3 Nf8 21.f4 d5 22.e5 Be7
23.c4 dxc4 24.Bxc4 Rxd1 25.Rxd1 Ng6 26.Qd3 Nh4 27.Qd7 Qa8 28.Bf1 Bf8 29.Qd8 Qxd8
30.Rxd8 Nf5 31.Bd2 h5 32.Kf2 Ne7 33.Ra8 Nd5 34.Bc4 Nc7 35.Rc8 Nd5 36.Kf3 g6
37.a4 Kg7 38.Ra8 Nb4 39.Be3 Rc6 40.Bf2 Rc7 41.Be1 Be7 42.a5 Rd7 43.Ke2 Bd8
44.Bxa6 Nxa6 45.Rxa6 Rb7 46.Rd6 Be7 47.Rb6 Ra7 48.a6 g5 49.g3 h4 50.Rb7 Rxa6
51.Rxe7 Ra2+ 52.Bd2 hxg3 53.hxg3 gxf4 54.gxf4 Rb2 55.Rc7 Rxb3 56.Rxc5 Rh3
57.Be3 Kg6 58.Rc8 Kf5 59.Kd3 Rg3 60.Rh8 f6 61.Rf8 Rg6 62.Rxf6+ Rxf6 63.exf6  1-0